002620000a220007300045001000022000002450074000223000046000967730046001421 aRollinson, Andrew10aHow many sexuality? : Norms and diversity in ethics and pastoral care aVol. 18, Num. 2 (2000), Páginas 128-1410 tScottish Bulletin of Evangelical Theology